000 00447nam a2200169Ia 4500
008 230917s9999||||xx |||||||||||||| ||und||
020 _cGBP57.99
040 _e220048
_aMAIN
041 _aEnglish
082 _a512.70285 D26C
100 _aDas, Abhijit
245 0 _aComputational number theory
260 _aBoca Raton
_bCRC Press
_c2013
300 _axviii, 598 p.
500 _a1652 05/11/2014 RBP42583 28/11/2014 Main Budget
942 _cBK
999 _c12301
_d12301